| 000 | 00849cam a22002653a 4500 | ||
|---|---|---|---|
| 001 | 12699 | ||
| 003 | PGUSA | ||
| 005 | 20140828083255.0 | ||
| 008 | 040601s2004||||xxu|||||s|||||000 | eng d | ||
| 040 |
_aPGUSA _beng |
||
| 042 | _adc | ||
| 050 | 4 | _aB | |
| 050 | 4 | _aRC | |
| 100 | 1 |
_aAristotle, _d-384--322 |
|
| 245 | 1 | 4 |
_aThe Works of Aristotle the Famous Philosopher : _bContaining his Complete Masterpiece and Family Physician; his Experienced Midwife, his Book of Problems and his Remarks on Physiognomy _h[electronic resource] / _cAristotle |
| 260 |
_bProject Gutenberg, _c2004 |
||
| 506 | _aPublic domain in the USA. | ||
| 516 | _aElectronic text | ||
| 653 | _aHuman beings | ||
| 653 | _aMind and body | ||
| 653 | _aReproduction | ||
| 830 | 0 |
_aProject Gutenberg _v12699 |
|
| 856 | 4 | 0 | _uhttp://www.gutenberg.org/ebooks/12699 |
| 942 | _cEB | ||
| 999 |
_c241954 _d241954 |
||